مكتبة جامعة عجلون الوطنية

فهرس بحث المكتبة

Normal view MARC view
  • امن الحاسبات الالكترونية

Entry Topical Term

Number of records used in: 1

001 - CONTROL NUMBER

  • control field: 62360

003 - CONTROL NUMBER IDENTIFIER

  • control field: JO-AjAnu

005 - DATE AND TIME OF LATEST TRANSACTION

  • control field: 20230606084202.0

008 - FIXED-LENGTH DATA ELEMENTS

  • fixed length control field: 230606|| aca||aabn | a|a d

040 ## - CATALOGING SOURCE

  • Original cataloging agency: JO-AjAnu
  • Transcribing agency: JO-AjAnu

150 ## - HEADING--TOPICAL TERM

  • Topical term or geographic name entry element: امن الحاسبات الالكترونية

670 ## - SOURCE DATA FOUND

  • Source citation: Work cat.: (JO-AjAnu)31802: بسيوني، عبدالحميد, author 62359, استراتيجيات أمن المعلومات والمعايير القياسية ونظم ادارة أمن المعلومات=ISMS ISO/ESC 27000 COBIT ITIL SOX COSO FIPS FISMA HIPAA